[Event "Titled Tue 3rd Jun Early"]
[Site "chess.com INT"]
[Date "2025.06.03"]
[Round "4"]
[White "Momunaliev, Ruslan"]
[Black "King, Alexander"]
[Result "0-1"]
[WhiteTitle "CM"]
[BlackTitle "FM"]
[WhiteElo "2213"]
[BlackElo "2263"]
[WhiteFideId "13812211"]
[BlackFideId "2063620"]
[EventDate "2025.06.03"]

1. e4 e6 2. d4 d5 3. Nd2 c5 4. Ngf3 Nc6 5. exd5 exd5 6. Bb5 Qe7+ 7. Qe2 Qxe2+ 8.
Kxe2 a6 9. Bxc6+ bxc6 10. c3 a5 11. Re1 f6 12. dxc5 Bxc5 13. Nb3 Bd6 14. Be3 a4
15. Nc5 Ne7 16. Kd2 Kf7 17. Nd3 Nf5 18. Bc5 h5 19. Nd4 Bxh2 20. Nxc6 h4 21. Ne7
Nxe7 22. Rxe7+ Kg6 23. Rh1 Bb8 24. Rhe1 Bf5 25. Nb4 Bf4+ 26. Kd1 Rhd8 27. g3
hxg3 28. fxg3 Bg5 29. Bd4 a3 30. b3 Rac8 31. Rb7 Be4 32. Re7 Rh8 33. Nc2 Rh2 34.
Ne3 Rxa2 35. Ra7 Rh8 36. Re2 Rh1+ 37. Re1 Ra1+ 38. Kd2 Rhxe1 0-1

[Event "Titled Tue 3rd Jun Early"]
[Site "chess.com INT"]
[Date "2025.06.03"]
[Round "4"]
[White "Goryachkina, Aleksandra"]
[Black "Tomb, Maroun"]
[Result "1/2-1/2"]
[WhiteTitle "GM"]
[BlackTitle "CM"]
[WhiteElo "2544"]
[BlackElo "2090"]
[WhiteFideId "4147103"]
[BlackFideId "5300398"]
[EventDate "2025.06.03"]

1. d4 d6 2. Nf3 Nf6 3. g3 Nbd7 4. Bg2 e5 5. O-O c6 6. dxe5 dxe5 7. Nc3 Qc7 8. a4
a5 9. b3 Bc5 10. Bb2 O-O 11. Ng5 Re8 12. Nce4 Bf8 13. Qd3 h6 14. Nxf6+ Nxf6 15.
Ne4 Nd5 16. Rad1 f5 17. Nc3 Nb4 18. Qd2 Be6 19. e3 Rad8 20. Qc1 Bf7 21. Ne2 Bh5
22. Rde1 Qe7 23. Ba3 Qd7 24. Bxb4 Bxb4 25. c3 Bc5 26. Rd1 Qf7 27. Rxd8 Rxd8 28.
Qc2 Bxe2 29. Qxe2 Qxb3 30. Qh5 Qe6 31. Bh3 Rf8 32. e4 Qf7 33. Qxf5 Qxf5 34. Bxf5
Rd8 35. Rb1 b6 36. Rb2 Rd1+ 37. Kg2 Rc1 38. Bd7 Rxc3 39. Bxc6 Kf8 40. Bd5 Ke7
41. Rd2 Ra3 42. Bc6 g5 43. h4 gxh4 44. gxh4 Kf6 45. Bb5 Rb3 46. Rd3 Rxd3 47.
Bxd3 1/2-1/2

[Event "Titled Tue 3rd Jun Early"]
[Site "chess.com INT"]
[Date "2025.06.03"]
[Round "4"]
[White "Yushko, Olga"]
[Black "Swara Lakshmi S Nair"]
[Result "0-1"]
[WhiteTitle "WFM"]
[BlackTitle "WCM"]
[WhiteElo "2036"]
[BlackElo "2178"]
[WhiteFideId "14114500"]
[BlackFideId "25629239"]
[EventDate "2025.06.03"]

1. d4 Nf6 2. c4 g6 3. Nc3 d5 4. cxd5 Nxd5 5. e4 Nxc3 6. bxc3 Bg7 7. Bc4 c5 8.
Be3 O-O 9. Ne2 Nc6 10. O-O Bg4 11. f3 Bd7 12. Rb1 Qc7 13. Bd3 Rad8 14. Qb3 Na5
15. Qa3 b6 16. dxc5 bxc5 17. Bxc5 Be6 18. Ba6 Bc4 19. Bxe7 Bxa6 20. Bxd8 Rxd8
21. Rfe1 Bf8 22. Qa4 Bxe2 23. Rxe2 Qxc3 24. Rc2 Qe3+ 25. Kh1 Qd3 26. Rcc1 Qa3
27. Qxa3 Bxa3 28. Rc7 Rd2 29. Rxa7 Nc4 30. h4 Rxa2 31. Rc1 Bxc1 32. Rxa2 Bf4 33.
Rc2 Ne3 34. Rc8+ Kg7 35. Kg1 f5 36. Kf2 Nd1+ 37. Ke2 Nb2 38. Kf2 fxe4 39. fxe4
Nd3+ 40. Kf3 Bd6 41. Rd8 Ne5+ 42. Ke3 Be7 43. Rc8 Bxh4 44. Kf4 Nd3+ 45. Ke3 Ne5
46. Kf4 Bf6 47. Rc7+ Nf7 48. e5 Bxe5+ 0-1

[Event "Titled Tue 3rd Jun Early"]
[Site "chess.com INT"]
[Date "2025.06.03"]
[Round "4"]
[White "Silva, Luca"]
[Black "Sydykov, Bayastan"]
[Result "0-1"]
[WhiteTitle "FM"]
[BlackTitle "FM"]
[WhiteElo "2227"]
[BlackElo "2301"]
[WhiteFideId "147370"]
[BlackFideId "13829610"]
[EventDate "2025.06.03"]

1. e4 e5 2. d4 exd4 3. Nf3 Nc6 4. Nxd4 Bc5 5. Nb3 Bb6 6. Qe2 Nge7 7. Nc3 O-O 8.
Be3 d6 9. O-O-O Be6 10. h3 Re8 11. f4 Bxe3+ 12. Qxe3 a5 13. Nd4 Nxd4 14. Qxd4
Nc6 15. Qd2 a4 16. a3 Qh4 17. Bb5 Bd7 18. Rde1 Ra5 19. Bc4 Rc5 20. Ba2 b5 21.
Nd5 Qd8 22. Re3 Ne7 23. Nb4 Be6 24. Bxe6 fxe6 25. Rg3 Nc6 26. Nd3 Rc4 27. Qe2
Nd4 28. Qg4 Qf6 29. e5 Qf7 30. h4 Rxc2+ 31. Kb1 Rc4 32. h5 Nf5 33. Rf3 Rf8 34.
Qh3 Nd4 35. Rf2 Qf5 36. Qxf5 Rxf5 37. g4 Rf7 38. Re1 d5 39. f5 Nb3 40. fxe6 Rxf2
41. Nxf2 Rf4 42. Nd3 Rxg4 43. Rf1 Nd2+ 44. Kc2 Nxf1 45. Nb4 Rc4+ 46. Kd3 c6 47.
Na6 Kf8 48. Nc7 Ke7 0-1

[Event "Titled Tue 3rd Jun Early"]
[Site "chess.com INT"]
[Date "2025.06.03"]
[Round "4"]
[White "Kulnev, Aleksandr"]
[Black "Arya G Mallar"]
[Result "1-0"]
[WhiteTitle "CM"]
[BlackTitle "WCM"]
[WhiteElo "2213"]
[BlackElo "2014"]
[WhiteFideId "54157544"]
[BlackFideId "25115324"]
[EventDate "2025.06.03"]

1. d4 Nf6 2. Bf4 g6 3. e3 Bg7 4. Nf3 O-O 5. Be2 d6 6. h3 c5 7. c3 cxd4 8. cxd4
Qb6 9. Qb3 Be6 10. Qxb6 axb6 11. Nc3 Nc6 12. O-O Nb4 13. a3 Nbd5 14. Nxd5 Nxd5
15. Bg3 Bf5 16. Rfc1 Rfc8 17. Ne1 h5 18. Bd3 Bxd3 19. Nxd3 Nf6 20. f3 Bh6 21.
Bf2 Nd5 22. f4 f5 23. Kf1 Nf6 24. Bh4 Ne4 25. Ke2 Kf7 26. Nf2 Nxf2 27. Bxf2 Ke8
28. Kf3 e6 29. Ke2 Kd7 30. Kd3 Rc6 31. g4 fxg4 32. hxg4 hxg4 33. Rh1 Rh8 34.
Rag1 Ke7 35. Rxg4 Bg7 36. Rxh8 Bxh8 37. Rxg6 Kf7 38. Rh6 Bg7 39. Rh1 Rc7 40. Kd2
Rc6 41. Rc1 Rxc1 42. Kxc1 d5 43. a4 Bf6 44. Kd2 Be7 45. e4 dxe4 46. Ke3 Kf6 47.
Bh4+ Kf7 48. Bxe7 Kxe7 49. Kxe4 Kd6 50. b3 Kd7 51. Ke5 Ke7 52. d5 exd5 53. Kxd5
Kd7 54. Kc4 Kc6 55. Kb4 Kd5 56. Kb5 1-0

[Event "Titled Tue 3rd Jun Early"]
[Site "chess.com INT"]
[Date "2025.06.03"]
[Round "4"]
[White "Ternault, Mathieu"]
[Black "Emujin Enkh-Amgalan"]
[Result "0-1"]
[WhiteTitle "FM"]
[BlackTitle "WCM"]
[WhiteElo "2273"]
[BlackElo "1917"]
[WhiteFideId "20641532"]
[BlackFideId "4908023"]
[EventDate "2025.06.03"]

1. Nf3 d5 2. c4 d4 3. e3 c5 4. d3 Nc6 5. exd4 cxd4 6. g3 e5 7. Bg2 Be7 8. O-O
Nf6 9. Re1 Nd7 10. Na3 O-O 11. Nc2 Qc7 12. Bd2 a5 13. Na3 Bxa3 14. bxa3 Nc5 15.
Qe2 f6 16. Rab1 Bf5 17. Nh4 Bxd3 18. Qh5 g6 19. Qg4 Bxc4 20. Rec1 Be6 21. Qe2 b6
22. f4 Rac8 23. fxe5 Nxe5 24. Kh1 Bxa2 25. Rb2 Bf7 26. Bh6 Rfe8 27. Qf1 Ned3 28.
Qxf6 Qe5 29. Qxe5 Rxe5 30. Nf3 Ree8 31. Rxb6 Nxc1 32. Bxc1 Nd7 33. Rb1 Ne5 34.
Bf4 Nxf3 35. Bxf3 d3 36. Rd1 Red8 37. Kg2 Rc2+ 38. Kh3 d2 39. Kh4 Bb3 40. Be4
Ra2 41. Rb1 d1=Q 42. Bd5+ Qxd5 43. Rd1 Qxd1 0-1

[Event "Titled Tue 3rd Jun Early"]
[Site "chess.com INT"]
[Date "2025.06.03"]
[Round "4"]
[White "Tulendinov, Dinmukhammed"]
[Black "Sklokin, Sergey"]
[Result "0-1"]
[WhiteTitle "FM"]
[BlackTitle "FM"]
[WhiteElo "2124"]
[BlackElo "2311"]
[WhiteFideId "13730860"]
[BlackFideId "55730230"]
[EventDate "2025.06.03"]

1. e4 c5 2. d4 cxd4 3. Qxd4 Nc6 4. Qd3 e6 5. Nc3 Nf6 6. Bf4 Bb4 7. O-O-O O-O 8.
Nge2 e5 9. Bg5 Be7 10. f3 h6 11. Be3 d6 12. g4 Be6 13. a3 a6 14. h4 b5 15. Nd5
Rc8 16. g5 Nh5 17. gxh6 g6 18. Bh3 Bxh3 19. Rxh3 Kh7 20. Kb1 Bxh4 21. Rdh1 Bg5
22. Bb6 Qd7 23. Rg1 Qxh3 24. Rxg5 f6 25. Rg1 g5 26. Ndc3 Qe6 27. Rh1 Nf4 28.
Nxf4 gxf4 29. Bf2 Ne7 30. Nd5 Rg8 31. Bh4 Rg6 32. b3 Nxd5 33. exd5 Qd7 34. Bxf6
Rg8 35. Bh4 Qf7 36. Kb2 Rf8 37. Be1 Qf5 38. Qe2 Rfg8 39. Rh2 Rg1 40. Bb4 Qg6 41.
Qd2 Rc8 42. Qd3 Qxd3 43. cxd3 Rg6 44. d4 exd4 45. Rd2 Rxh6 46. Rxd4 Rh2+ 47. Kb1
Rg8 48. Rd1 Rg6 49. Bd2 Rf2 50. Bxf4 Rxf3 51. Bc1 Rxb3+ 52. Ka2 Rh3 53. Bb2 Rg2 0-1

[Event "Titled Tue 3rd Jun Early"]
[Site "chess.com INT"]
[Date "2025.06.03"]
[Round "4"]
[White "Ocampos, Ian"]
[Black "Gonzalez Vega, Alejandro"]
[Result "1-0"]
[BlackTitle "FM"]
[WhiteElo "2219"]
[BlackElo "2092"]
[WhiteFideId "117544"]
[BlackFideId "3510042"]
[EventDate "2025.06.03"]

1. e4 c5 2. d4 cxd4 3. c3 d5 4. exd5 Nf6 5. c4 e5 6. Nf3 Bd6 7. Bg5 h6 8. Bxf6
Qxf6 9. Nbd2 Bf5 10. Qb3 Nd7 11. Qxb7 O-O 12. b3 Nc5 13. Qc6 Rfc8 14. Qb5 e4 15.
Ng1 e3 16. Ndf3 Rab8 17. Qa5 Nd3+ 18. Bxd3 Bb4+ 19. Qxb4 Rxb4 20. Bxf5 exf2+ 21.
Kxf2 Qxf5 22. Ne2 d3 23. Nd4 Qf6 24. Rad1 g5 25. h3 h5 26. g4 h4 27. Rxd3 Rb7
28. Rhd1 Re7 29. Nf5 Re4 30. d6 Rd8 31. c5 Qb2+ 32. R1d2 Qc1 33. b4 Rxb4 34. Rd5
Rb2 35. Ne7+ Kf8 36. Nf5 Rxd2+ 37. Nxd2 Qc3 38. Ne3 Qf6+ 39. Ke2 Qb2 40. Kd3
Qb5+ 41. Kd4 Qa4+ 42. Ndc4 Qxa2 43. c6 Qa1+ 44. Kc5 Qa6 45. d7 Qa2 46. Kd6 1-0

[Event "Titled Tue 3rd Jun Early"]
[Site "chess.com INT"]
[Date "2025.06.03"]
[Round "4"]
[White "Dreelinck, Jacob"]
[Black "Zhakshylykov, Erzhan"]
[Result "0-1"]
[WhiteTitle "FM"]
[BlackTitle "IM"]
[WhiteElo "2262"]
[BlackElo "2362"]
[WhiteFideId "250511"]
[BlackFideId "13804111"]
[EventDate "2025.06.03"]

1. e4 e6 2. d4 d5 3. Nc3 Nf6 4. Bg5 dxe4 5. Nxe4 Be7 6. Nxf6+ Bxf6 7. Bxf6 Qxf6
8. Nf3 c5 9. Qd3 O-O 10. O-O-O Rd8 11. Qe4 Nc6 12. Bd3 Qh6+ 13. Qe3 Qxe3+ 14.
fxe3 cxd4 15. exd4 Nb4 16. Bc4 b5 17. Bxb5 Nxa2+ 18. Kb1 Rb8 19. c4 Nb4 20. Ne5
Bb7 21. Rhg1 Be4+ 22. Kc1 a6 23. Ba4 Na2+ 24. Kd2 Rxb2+ 25. Ke3 Nc3 26. Rc1 Re2+
27. Kf4 Nxa4 28. Ra1 Nc3 29. Rxa6 f6 30. Ng4 Rxd4 31. Rxe6 Bb7+ 32. Kf5 Rxe6 33.
Kxe6 Rxg4 34. c5 Re4+ 35. Kd7 Kf7 36. Kc7 Re7+ 37. Kb6 Nd5+ 38. Kb5 Rc7 39. Ra1
Bc6+ 40. Kc4 Rb7 41. Ra8 Rb4+ 42. Kd3 0-1

[Event "Titled Tue 3rd Jun Early"]
[Site "chess.com INT"]
[Date "2025.06.03"]
[Round "4"]
[White "Donchenko, Alexander"]
[Black "Bukreev, Stanislav"]
[Result "0-1"]
[WhiteTitle "GM"]
[BlackTitle "FM"]
[WhiteElo "2615"]
[BlackElo "2328"]
[WhiteFideId "24603295"]
[BlackFideId "34252347"]
[EventDate "2025.06.03"]

1. d4 e6 2. c4 Nf6 3. g3 d5 4. Bg2 Bb4+ 5. Nd2 O-O 6. Nf3 b6 7. O-O Bb7 8. b3 c5
9. Bb2 Nbd7 10. a3 Bxd2 11. Nxd2 Qe7 12. cxd5 exd5 13. Nf3 Rfe8 14. e3 Ne4 15.
a4 a5 16. Rc1 Ba6 17. Re1 Rad8 18. Qc2 Rc8 19. Qb1 h6 20. Ba3 Qe6 21. dxc5 bxc5
22. Bb2 Rb8 23. Qc2 Qb6 24. Nd2 Nxd2 25. Qxd2 Qxb3 26. Qxa5 Qxb2 27. Qxa6 d4 28.
exd4 cxd4 29. a5 Ne5 30. Qe2 d3 31. Qxb2 Rxb2 32. Ra1 Re2 33. Red1 d2 34. a6 Nc4
35. Bf1 Re1 36. a7 Nb6 37. Kg2 Rxd1 38. Rxd1 Rb8 39. Rxd2 Ra8 40. Rd6 Na4 41.
Bd3 g6 42. Rd7 Nc5 0-1

[Event "Titled Tue 3rd Jun Early"]
[Site "chess.com INT"]
[Date "2025.06.03"]
[Round "4"]
[White "Gkavardinas, Antonios"]
[Black "Matyassy, Lazar"]
[Result "1-0"]
[WhiteTitle "FM"]
[BlackTitle "FM"]
[WhiteElo "2313"]
[BlackElo "2211"]
[WhiteFideId "25883097"]
[BlackFideId "17005167"]
[EventDate "2025.06.03"]

1. e4 a6 2. d4 h6 3. Nf3 e6 4. Bd3 d5 5. exd5 exd5 6. O-O Nf6 7. Re1+ Be7 8. Ne5
Be6 9. Qf3 Nbd7 10. Qg3 Rg8 11. c4 Nxe5 12. dxe5 Ne4 13. Bxe4 dxe4 14. Nc3 Qd3
15. Rxe4 Bxc4 16. Bxh6 O-O-O 17. Be3 Bb4 18. h3 Bxc3 19. Rxc4 Qxc4 20. bxc3 f6
21. Kh2 Rde8 22. exf6 gxf6 23. Qf3 Qe4 24. Qxe4 Rxe4 25. g4 f5 26. gxf5 Rf8 27.
Rg1 Rxf5 28. Rg7 Rfe5 29. Bd4 Re7 30. Rg8+ Kd7 31. Kg3 b6 32. h4 c5 33. Be3 Rh7
34. Bg5 Kc6 35. f4 Kd5 36. f5 Kc4 37. f6 Rd7 38. Rg7 Rd3+ 39. Kf2 Kxc3 40. Re7
Ra4 41. f7 Rxa2+ 42. Re2 Rxe2+ 43. Kxe2 1-0

[Event "Titled Tue 3rd Jun Early"]
[Site "chess.com INT"]
[Date "2025.06.03"]
[Round "4"]
[White "Philipp, Mathias"]
[Black "Mizzi, Jack"]
[Result "1-0"]
[WhiteTitle "CM"]
[BlackTitle "CM"]
[WhiteElo "2159"]
[BlackElo "2086"]
[WhiteFideId "12958883"]
[BlackFideId "5602521"]
[EventDate "2025.06.03"]

1. e4 c6 2. Nf3 d5 3. d3 Bg4 4. h3 Bxf3 5. Qxf3 e5 6. g4 Ne7 7. h4 Nd7 8. h5 h6
9. Nc3 d4 10. Ne2 a5 11. Bh3 a4 12. g5 hxg5 13. Bxg5 Qa5+ 14. Bd2 Qc7 15. Ng3
Nf6 16. Bg5 Nh7 17. Bd2 a3 18. b3 Nf6 19. h6 Ng6 20. O-O-O Nh4 21. Qe2 gxh6 22.
Nf5 Ng6 23. Rdg1 b5 24. Qf3 c5 25. Nxh6 Rxh6 26. Qxf6 Nf4 27. Qf5 Rxh3 28. Rxh3
Nxh3 29. Qxh3 Qd7 30. Qxd7+ Kxd7 31. Rg8 Rc8 32. Kd1 Be7 33. Rxc8 Kxc8 34. f4 f6
35. Ke2 Kd7 36. Kf3 Ke6 37. Kg4 Bd6 38. f5+ Kf7 39. Kh5 Bf8 40. Bc1 b4 41. Bh6
Be7 42. Bc1 Bd6 43. Kh6 Bf8+ 44. Kh7 Bg7 45. Bh6 Bxh6 46. Kxh6 c4 47. dxc4 1-0

[Event "Titled Tue 3rd Jun Early"]
[Site "chess.com INT"]
[Date "2025.06.03"]
[Round "4"]
[White "Garcia Correa, Jose Ricardo"]
[Black "Kazakov, Mikhail"]
[Result "1-0"]
[WhiteTitle "FM"]
[BlackTitle "GM"]
[WhiteElo "2103"]
[BlackElo "2513"]
[WhiteFideId "5101832"]
[BlackFideId "14102749"]
[EventDate "2025.06.03"]

1. e4 c5 2. Nf3 e6 3. d4 cxd4 4. Nxd4 Nc6 5. Nc3 d6 6. Bc4 Nf6 7. f3 Be7 8. Be3
a6 9. Qe2 Qc7 10. Bb3 Na5 11. g4 Nxb3 12. axb3 O-O 13. g5 Nd7 14. h4 Ne5 15. f4
Nc6 16. h5 Nxd4 17. Bxd4 d5 18. Be5 Bd6 19. Bxd6 Qxd6 20. e5 Qb4 21. Ra4 Qc5 22.
Qf2 Qxf2+ 23. Kxf2 Bd7 24. Ra2 Rac8 25. Ke2 d4 26. Ne4 Bc6 27. Kd3 Bxe4+ 28.
Kxe4 Rxc2 29. Rd1 Re2+ 30. Kd3 Rh2 31. Ke4 Rd8 32. Ra4 Re2+ 33. Kf3 Rxb2 34.
Raxd4 Rxb3+ 35. Ke4 Rf8 36. Rd7 a5 37. Ra1 Rb4+ 38. Kf3 a4 39. Rc7 b5 40. Rb7 h6
41. Kg4 hxg5 42. Kxg5 Rb3 43. Rg1 Kh7 44. h6 gxh6+ 45. Kf6 Rf3 46. Rg7+ Kh8 47.
Rg4 a3 48. Rxb5 a2 49. Ra5 Rf2 50. Rh4 Kh7 51. Ra7 Kg8 52. Rg4+ Kh7 53. Rh4 Kg8
54. Rg4+ Kh8 55. Ke7 Rg8 56. Rh4 Kh7 57. Kf6 Rg6+ 58. Ke7 Rg7 59. Kf6 Rg6+ 60.
Ke7 Rg1 61. Kf8 a1=Q 62. Rxf7+ Kg6 63. Rf6+ Kh7 64. Rhxh6# 1-0

[Event "Titled Tue 3rd Jun Early"]
[Site "chess.com INT"]
[Date "2025.06.03"]
[Round "4"]
[White "Kurmangaliyeva, Liya"]
[Black "Durarbayli, Vasif"]
[Result "1/2-1/2"]
[WhiteTitle "FM"]
[BlackTitle "GM"]
[WhiteElo "2246"]
[BlackElo "2612"]
[WhiteFideId "13725831"]
[BlackFideId "13402935"]
[EventDate "2025.06.03"]

1. d4 Nf6 2. c4 e6 3. Nf3 b6 4. g3 Bb7 5. Bg2 Be7 6. O-O O-O 7. h4 c5 8. d5 exd5
9. Nh2 b5 10. cxd5 d6 11. g4 Na6 12. g5 Nd7 13. Nc3 b4 14. Ne4 c4 15. Ng3 Rc8
16. Ng4 f5 17. gxf6 Nxf6 18. Ne3 Rc5 19. h5 Nc7 20. Nef5 Bxd5 21. Bxd5+ Rxd5 22.
Qc2 Nxh5 23. Qxc4 Nxg3 24. Nxg3 Kh8 25. Be3 Re5 26. Rac1 Nd5 27. Bd2 Bg5 28. f4
Ne3 29. Qd4 Nxf1 30. Rxf1 Bh4 31. fxe5 Bxg3 32. Rxf8+ Qxf8 33. e6 h6 34. Bxb4
Qe7 35. Bc3 Be5 36. Qd5 Qg5+ 37. Kf1 Qf5+ 38. Kg2 Qg4+ 39. Kf1 Qf5+ 40. Kg2 Qg6+
41. Kf1 Qf6+ 42. Kg2 Qg5+ 43. Kf1 Qf5+ 1/2-1/2

[Event "Titled Tue 3rd Jun Early"]
[Site "chess.com INT"]
[Date "2025.06.03"]
[Round "4"]
[White "Lazavik, Denis"]
[Black "Zhao, Erick"]
[Result "1-0"]
[WhiteTitle "GM"]
[BlackTitle "IM"]
[WhiteElo "2577"]
[BlackElo "2410"]
[WhiteFideId "13515110"]
[BlackFideId "30946930"]
[EventDate "2025.06.03"]

1. e4 c5 2. Nf3 e6 3. d4 cxd4 4. Nxd4 Nf6 5. Nc3 Nc6 6. Ndb5 Bc5 7. Nd6+ Ke7 8.
Bf4 e5 9. Nf5+ Kf8 10. Bg5 d6 11. Ne3 h6 12. Bxf6 Qxf6 13. Bd3 g6 14. O-O Be6
15. Ncd5 Qg5 16. c3 Kg7 17. b4 Bxe3 18. Nxe3 Rac8 19. Qe2 h5 20. Kh1 h4 21. h3
f5 22. Rad1 f4 23. Nc4 Rhd8 24. Nd2 f3 25. Nxf3 Qf4 26. Bc2 Ne7 27. Qd2 Qxd2 28.
Rxd2 Rxc3 29. Nxh4 Bxh3 30. Kg1 Rh8 31. Nf3 Rxf3 32. gxf3 Bxf1 33. Kxf1 Rd8 34.
Ba4 a6 35. Rc2 Rc8 36. Rxc8 Nxc8 37. Ke2 Kf6 38. Kd3 Ne7 39. Bd7 d5 40. a4 b6
41. a5 bxa5 42. bxa5 d4 43. f4 g5 44. f5 g4 45. Kc4 Kg5 46. Kc5 d3 47. Kb6 d2
48. Ba4 Ng8 49. Kxa6 Nf6 50. Kb6 Nxe4 51. Kc6 Nc3 52. Bc2 e4 53. a6 g3 54. fxg3
e3 55. a7 e2 56. a8=Q e1=Q 57. Qg8+ Kf6 58. Qh8+ Kg5 59. Qg7+ Kh5 60. Qg6# 1-0

[Event "Titled Tue 3rd Jun Early"]
[Site "chess.com INT"]
[Date "2025.06.03"]
[Round "4"]
[White "Gharibyan, Mamikon"]
[Black "Bortnyk, Olexandr"]
[Result "1-0"]
[WhiteTitle "GM"]
[BlackTitle "GM"]
[WhiteElo "2472"]
[BlackElo "2601"]
[WhiteFideId "13308300"]
[BlackFideId "14120828"]
[EventDate "2025.06.03"]

1. e4 Nf6 2. Nc3 d5 3. exd5 Nxd5 4. Qf3 Nb4 5. Bc4 e6 6. Qd1 Qg5 7. Nf3 Qxg2 8.
Rg1 Qh3 9. d4 Nxc2+ 10. Qxc2 Qxf3 11. Be3 Bd7 12. Be2 Qf5 13. Bd3 Qh5 14. d5 Na6
15. Bxa6 bxa6 16. Rd1 Rb8 17. dxe6 fxe6 18. Kd2 g6 19. Kc1 Bg7 20. Rg5 Qf3 21.
Rc5 Rb7 22. b3 Qf7 23. Ne4 O-O 24. h4 e5 25. Ng5 Qe7 26. h5 Bf5 27. Qc4+ Kh8 28.
hxg6 Bxg6 29. Rcd5 c6 30. Rd6 e4 31. Ne6 Be5 32. Nxf8 Bxd6 33. Bd4+ Be5 34. Qc3
Qxf8 35. Bxe5+ Kg8 36. Qc4+ Rf7 37. Bc3 e3 38. fxe3 Qa3+ 39. Bb2 Qe7 40. e4 h5
41. Bc3 Kh7 42. Kb2 Qxe4 43. Rd8 Qg2+ 44. Ka3 1-0

[Event "Titled Tue 3rd Jun Early"]
[Site "chess.com INT"]
[Date "2025.06.03"]
[Round "4"]
[White "Demin, Vladimir"]
[Black "Barseghyan, Armen Ar."]
[Result "0-1"]
[WhiteTitle "IM"]
[BlackTitle "IM"]
[WhiteElo "2430"]
[BlackElo "2348"]
[WhiteFideId "4167457"]
[BlackFideId "13306707"]
[EventDate "2025.06.03"]

1. e4 c5 2. Nf3 Nc6 3. c3 Nf6 4. e5 Nd5 5. Bc4 Nb6 6. Bb3 c4 7. Bc2 d6 8. exd6
Qxd6 9. O-O g6 10. a4 Bg7 11. a5 Nd5 12. Qe2 Bg4 13. Na3 Ne5 14. Be4 Nf4 15. Qe3
Bxf3 16. Bxf3 Nfd3 17. Bxb7 Rb8 18. a6 O-O 19. Nb5 Qd7 20. Nxa7 h5 21. h3 Kh7
22. Qb6 Nf4 23. d4 Ne2+ 24. Kh1 Nd3 25. Be3 Bh6 26. Qc6 Qf5 27. Bxh6 Kxh6 28.
Qe4 Nxf2+ 29. Rxf2 Qxf2 30. Qf3 Ng3+ 31. Kh2 Qxf3 32. Bxf3 Nf5 33. Nc6 Rxb2 34.
a7 Nh4 35. Bd5 e6 36. Bxc4 Rc8 37. a8=Q Nf3+ 38. Kg3 Rxa8 39. Rxa8 Ne1 40. Bf1
h4+ 41. Kxh4 Rf2 42. Bc4 Rxg2 43. Rh8+ Kg7 44. Rd8 Nf3# 0-1

[Event "Titled Tue 3rd Jun Early"]
[Site "chess.com INT"]
[Date "2025.06.03"]
[Round "4"]
[White "Klepek, Witold"]
[Black "Munoz Ramos, Christopher"]
[Result "1/2-1/2"]
[WhiteTitle "CM"]
[BlackTitle "FM"]
[WhiteElo "2253"]
[BlackElo "2133"]
[WhiteFideId "1175068"]
[BlackFideId "3439615"]
[EventDate "2025.06.03"]

1. c4 c6 2. e4 d6 3. d4 Nf6 4. Nc3 g6 5. Nge2 Bg7 6. Ng3 O-O 7. Bd2 a6 8. Be2 b5
9. Be3 bxc4 10. Bxc4 Ng4 11. Bf4 e5 12. dxe5 dxe5 13. Qxd8 Rxd8 14. Bg5 Rd4 15.
Bb3 h6 16. Bc1 Bb7 17. f3 Nf6 18. Be3 Rd8 19. Kf2 a5 20. Na4 Na6 21. Nb6 Rab8
22. Rhd1 Nb4 23. Nc4 Ba6 24. Nxe5 Nxe4+ 25. Nxe4 Bxe5 26. Rxd8+ Rxd8 27. Bb6 Rb8
28. Bxa5 Nd3+ 29. Kg1 Bd4+ 30. Kh1 Bxb2 31. Rb1 Bd4 32. Bxf7+ Kxf7 33. Rxb8 Bc4
34. Rd8 Bd5 35. Bc3 Bb6 36. g4 Bxd8 37. Nd6+ Ke6 38. Nb7 Bb6 39. Kg2 c5 40. Na5
c4 41. h4 Nc5 42. Kg3 Na4 43. Bb4 c3 44. Nb3 Bxb3 45. axb3 Be3 46. bxa4 c2 47.
Ba3 c1=Q 48. Bxc1 Bxc1 49. f4 Kf6 50. a5 Be3 51. a6 Ba7 52. Kf3 Ke6 53. Ke4 Kf6
54. h5 Bb8 55. hxg6 Kxg6 56. Kd5 h5 57. gxh5+ Kxh5 58. Kc6 Ba7 59. Kd5 Kg6 60.
Ke6 Kg7 61. f5 Kf8 62. f6 Bb6 63. f7 Bg1 64. Kf6 Ba7 65. Ke6 Bb8 66. Kd7 Ba7 67.
Kc8 Kxf7 68. Kb7 Bg1 69. a7 Bxa7 1/2-1/2

[Event "Titled Tue 3rd Jun Early"]
[Site "chess.com INT"]
[Date "2025.06.03"]
[Round "4"]
[White "So, Wesley"]
[Black "Bryakin, Mikhail"]
[Result "1-0"]
[WhiteTitle "GM"]
[BlackTitle "GM"]
[WhiteElo "2751"]
[BlackElo "2444"]
[WhiteFideId "5202213"]
[BlackFideId "4165314"]
[EventDate "2025.06.03"]

1. d4 d5 2. Nc3 Nf6 3. Bf4 c5 4. e3 cxd4 5. exd4 a6 6. Nf3 Bg4 7. h3 Bxf3 8.
Qxf3 Nc6 9. O-O-O e6 10. g4 Bd6 11. Be3 Rc8 12. Kb1 Na5 13. g5 Nd7 14. Bc1 Qb6
15. h4 Bb4 16. Ne2 Nc4 17. Ka1 a5 18. h5 O-O 19. Rh3 a4 20. c3 Be7 21. Qg3 a3
22. b3 Na5 23. g6 Nxb3+ 24. axb3 Qxb3 25. gxh7+ Kh8 26. Qd3 Nb6 27. h6 g6 28.
Rd2 Nc4 29. Ra2 Rc6 30. Qc2 Qb5 31. Nf4 Rb6 32. Nxg6+ fxg6 33. Qxg6 Bf6 34. Rg3
Qe8 35. Qg7+ Bxg7 36. hxg7+ Kxh7 37. gxf8=Q Qxf8 38. Bd3+ Kh8 39. Bxc4 Qf5 40.
Bd3 Qh5 41. Rxa3 Ra6 42. Bxa6 Qd1 43. Kb1 bxa6 44. Rxa6 Qb3+ 45. Ka1 Qc2 46.
Ra8+ Kh7 47. Ra7+ Kh8 48. Bf4 Qxf2 49. Be5+ 1-0

[Event "Titled Tue 3rd Jun Early"]
[Site "chess.com INT"]
[Date "2025.06.03"]
[Round "4"]
[White "Dimakiling, Oliver"]
[Black "Fragkos, Vasileios"]
[Result "1-0"]
[WhiteTitle "IM"]
[BlackTitle "CM"]
[WhiteElo "2402"]
[BlackElo "2176"]
[WhiteFideId "5202248"]
[BlackFideId "25832646"]
[EventDate "2025.06.03"]

1. e4 e5 2. Nf3 Nc6 3. Bb5 a6 4. Ba4 Nf6 5. d3 b5 6. Bb3 Be7 7. O-O d6 8. c3 Na5
9. Bc2 c5 10. h3 O-O 11. Nbd2 Qc7 12. Re1 Re8 13. Nf1 h6 14. Ng3 Nc6 15. a4 Be6
16. Nh4 Bf8 17. Nhf5 d5 18. Qf3 dxe4 19. dxe4 Nd7 20. Qh5 Kh7 21. Qh4 Qd8 22.
Qg4 Qf6 23. h4 g6 24. Bg5 hxg5 25. hxg5 Qh8 26. f3 Nf6 27. gxf6 Qxf6 28. Kf2
Red8 29. Rh1+ Kg8 30. Nh5 Rd2+ 31. Ke1 Qd8 32. Nf6+ Qxf6 33. Kxd2 b4 34. Qh3 Bg7
35. Qh7+ Kf8 36. Qxg7+ Qxg7 37. Nxg7 Kxg7 38. Ke3 b3 39. Bd3 c4 40. Be2 f5 41.
g3 Rf8 42. exf5 Bxf5 43. Rad1 Na5 44. Rd6 e4 45. f4 Rc8 46. Rxa6 Nc6 47. g4 Be6
48. Rd1 Bg8 49. Rd6 Nd8 50. Rxg6+ Kf8 51. Raf6+ Bf7 52. a5 Ke7 53. Rh6 Ne6 54.
g5 Ra8 55. Rh7 Nd8 56. Bxc4 Rxa5 57. Bxf7 Nxf7 58. Rhxf7+ Ke8 59. g6 Rh5 60. Rb6
Rh3+ 61. Kxe4 Rg3 62. Rb8# 1-0